书目信息 |
| 题名: |
人行天桥造型设计
|
|
| 作者: | ;姜维龙 译 ;日本道路协会著 | |
| 分册: | ||
| 出版信息: | 北京 中国建筑工业出版社 |
|
| 页数: | 58页 | |
| 开本: | 20cm | |
| 丛书名: | ||
| 单 册: | ||
| 中图分类: | U448.11 | |
| 科图分类: | ||
| 主题词: | 桥涵工程 | |
| 电子资源: | ||
| ISBN: | 7-112-00246-X | |
| 000 | 00677nam0 2200205 450 | |
| 001 | 1438523690 | |
| 005 | 20141027104250.75 | |
| 010 | @a7-112-00246-X@dCNY0.98 | |
| 100 | @a20141027d km y0chiy0120 ea | |
| 101 | 0 | @achi |
| 102 | @aCN@b110000 | |
| 200 | 1 | @a人行天桥造型设计@Aren xing tian qiao zao xing she ji@f日本道路协会著 ; 姜维龙译@Fri ben dao lu xie hui zhu;jiang wei long yi |
| 210 | @a北京@c中国建筑工业出版社 | |
| 215 | @a58页@d20cm | |
| 606 | 0 | @a桥涵工程 |
| 690 | @aU448.11@v4 | |
| 702 | 0 | @a姜维龙@Ajiang wei long@4译 |
| 711 | 02 | @a日本道路协会著@Ari ben dao lu xie hui zhu |
| 801 | 0 | @aCN@b大连网信软件有限公司图书馆·11@c20141027 |
| 905 | @aZUCC@dU448.11@eJ523 | |
| 人行天桥造型设计/日本道路协会著 ; 姜维龙译.-北京:中国建筑工业出版社 |
| 58页;20cm |
| ISBN 7-112-00246-X:CNY0.98 |
| ● |
| 相关链接 |
|
|
|
正题名:人行天桥造型设计
索取号:U448.11/J523
 
预约/预借
| 序号 | 登录号 | 条形码 | 馆藏地/架位号 | 状态 | 备注 |
| 1 | 016946 | 200169469 | 自科二线400A/201建筑库 51排3列2层/ [索取号:U448.11/J523] | 在馆 |